00702nam a2200229 a 4500001001300000003000900013005001700022008004100039020002300080082001500103100001600118245007300134260003200207300000900239500003500248650001300283700001600296902000800312942000700320952012800327999001700455nice12345678IN_TiNIC20260116014152.0070413s2004 dela grp 000 0 eng  a8171671314 c19500a294.5bMAC aMacfie, J M aMyths and Legends of Indiab A Introduction to the Study of Hinduism aDelhi bRupa and Co. c2004 a322p aincludes index and biblioraphy aHinduism1 aMacfie, J M bSRS cBK 001040708StackRoom-aHMIbHMId2007-04-13g195.00l2o294.5 MACp021674r2019-08-26s2019-08-13v195.00w2007-04-13yBK c14162d14162